00709nai a2200169Ia 4500003000900000008004100009022002200050040001600072245006500088260008600153310001200239362003700251521006900288650004700357650004400404856009100448IN-BaIIA211028c9999 xx s 000 0 eng d a0018-9510 (Print) cIIA Library 0aIEEE Transactions on Power Apparatus and Systemsh[eJournal] aNew York, USAbThe Institute of Electrical and Electronics Engineers, Inc. (IEEE) aMonthly a82(65); 1963 - PAS-104(12); 1985 bSubscribed through National Knowledge Resource Consortium (NKRC) a Components, Circuits, Devices and Systems aPower, Energy and Industry Applications uhttps://ieeexplore.ieee.org/servlet/opac?punumber=10669yClick Here to Access eJournal